000 00629nam a2200241Ia 4500
003 OSt
005 20221005132121.0
006 a|||||r|||| 00| 0
007 ta
008 221004b |||||||| |||| 00| 0 mal d
024 _a55893
037 _cTextual
040 _aCRL
_cCRL
_bmal
041 _2mal
_amal
082 _aO32,2NKTM,16, K0
100 _aK. T. Mohamed Au.
_9640619
245 0 _aThakkolukal
260 _c1960
650 _a MALAYALAM LITERATURE
_938866
650 _aMALAYALAM DRAMA
_9207189
942 _hO32,2NKTM,16, K0
_cTEXL
_2cc
999 _c1062474
_d1062474